LEADER 01073nam a2200265|i 4500 001 991003789109707536 005 20021223130713.0 008 020319s|||| sz u u enguu 020 $a9280506323 035 $ab11864266-39ule_inst 035 $aLE02988490$9ExL 040 $aISUFI - Sett. Diritti e Politiche Euromediterranee$bita 041 0 $aengfregrespa 082 0 $a346.048 110 2 $aWorld Intellectual Property Organization$0464697 245 10$aNairobi treaty on the protection of the olympic symbol :$badopted at Nairobi on September 26, 1981 /World Intellectual Property Organization 260 0 $aGeneva :$bWIPO,$c1998 300 $a31 8 p. :$bill. ;$c24 cm 490 0 $aWIPO publication ;$v297(EFRS) 907 $a.b11864266$b28-04-17$c23-12-02 912 $a991003789109707536 945 $aLE029 346.048 WIP01.16$g1$iLE029-3505$lle029$o-$pE0.00$q-$rn$so $t0$u0$v0$w0$x0$y.i12116786$z23-12-02 996 $aNairobi treaty on the protection of the olympic symbol$9901468 997 $aUNISALENTO 998 $ale029$b01-01-02$cm$da $e-$feng$gsz $h0$i1